000 00307nam a22001217a 4500
008 160507b xxu||||| |||| 00| 0 eng d
020 _a9780683301472
020 _a0683301470
041 _aeng
080 _a61
245 _aFamily medicine:
_cPhilip D. Sloane; Lisa M. Slatt; Peter Curtis;
942 _2udc
_cBK
999 _c1880
_d1880